[Event "CP-2014-Q-00010"]
[Site "LSS email"]
[Date "2014.12.02"]
[Round "?"]
[White "Carroll, Patrick"]
[Black "Hnatovsky, Nicholas"]
[Result "1/2-1/2"]
[WhiteElo "2139"]
[BlackElo "2342"]
[PlyCount "51"]
[EventDate "2014.12.08"]
[EventType "tourn (corr)"]
[EventRounds "6"]
[EventCountry "GER"]
[SourceTitle "Corr 2022"]
[Source "ChessBase"]
[SourceDate "2021.10.24"]
[SourceVersion "1"]
[SourceVersionDate "2021.10.24"]
[SourceQuality "1"]

1. e4 c5 2. Nf3 Nc6 3. d4 cxd4 4. Nxd4 e5 5. Nb5 d6 6. N1c3 a6 7. Na3 b5 8. Nd5 Nge7 9. c4 Nxd5 10. exd5 Nd4 11. cxb5 Be7 12. Bd3 0-0 13. 0-0 f5 14. Bd2 f4 15. Nc2 Nxb5 16. a4 Nc7 17. Nb4 f3 18. gxf3 Bh3 19. Re1 Bg5 20. Nc6 Qf6 21. f4 g6 22. Qf3 Bxf4 23. Bxf4 Qh4 24. Re3 exf4 25. Re7 Bg4 26. Qg2 1/2-1/2

[Event "CP-2014-Q-00010"]
[Site "LSS email"]
[Date "2014.12.02"]
[Round "?"]
[White "Hnatovsky, Nicholas"]
[Black "Hlavica, Bretislav"]
[Result "1/2-1/2"]
[WhiteElo "2342"]
[BlackElo "2085"]
[PlyCount "44"]
[EventDate "2014.12.08"]
[EventType "tourn (corr)"]
[EventRounds "6"]
[EventCountry "GER"]
[SourceTitle "Corr 2022"]
[Source "ChessBase"]
[SourceDate "2021.10.24"]
[SourceVersion "1"]
[SourceVersionDate "2021.10.24"]
[SourceQuality "1"]

1. e4 g6 2. d4 Bg7 3. Nc3 d6 4. f4 Nf6 5. a3 0-0 6. Nf3 d5 7. e5 Ne4 8. Nxe4 dxe4 9. Ng5 c5 10. dxc5 Qxd1+ 11. Kxd1 Bf5 12. Be3 h6 13. Nh3 Nd7 14. Nf2 Rac8 15. c3 Nxc5 16. Kc2 f6 17. exf6 Bxf6 18. a4 h5 19. Bc4+ Kg7 20. Rhg1 Nd7 21. Bd5 Nc5 22. h3 h4 1/2-1/2

[Event "WC-2014-Q-00011"]
[Site "LSS email"]
[Date "2014.11.12"]
[Round "?"]
[White "Baranowski, Tadeusz"]
[Black "Hnatovsky, Nicholas"]
[Result "1/2-1/2"]
[WhiteElo "2404"]
[BlackElo "2344"]
[PlyCount "97"]
[EventDate "2014.11.20"]
[EventType "tourn (corr)"]
[EventRounds "12"]
[EventCountry "GER"]
[SourceTitle "Corr 2022"]
[Source "ChessBase"]
[SourceDate "2021.10.24"]
[SourceVersion "1"]
[SourceVersionDate "2021.10.24"]
[SourceQuality "1"]

1. e3 g6 2. d4 Bg7 3. c4 Nf6 4. Nf3 0-0 5. Nc3 d6 6. Be2 Nbd7 7. 0-0 e5 8. h3 c6 9. Qc2 Qc7 10. b3 Re8 11. Rd1 b6 12. Bb2 exd4 13. Nxd4 Bb7 14. b4 a6 15. Nf3 Rad8 16. Qb3 Nf8 17. Rd2 Ne6 18. Rad1 b5 19. Nd4 Ng5 20. cxb5 axb5 21. h4 Nge4 22. Nxe4 Nxe4 23. Rc2 Qe7 24. Nxc6 Bxc6 25. Bxg7 Qxh4 26. Bf3 Nc5 27. bxc5 Bxf3 28. gxf3 dxc5 29. Rxd8 Rxd8 30. Rxc5 Kxg7 31. Rxb5 Qh3 32. e4 Rc8 33. Qb2+ Kh6 34. Qd2+ Kg7 35. Qd4+ Kg8 36. Qe3 Kg7 37. a4 Qd7 38. Kg2 Qd1 39. Qb3 Rc1 40. Qxd1 Rxd1 41. Rd5 Ra1 42. Ra5 Re1 43. Re5 Ra1 44. Ra5 Re1 45. Ra7 g5 46. Rd7 Ra1 47. Rd5 f6 48. a5 Kg6 49. Rc5 1/2-1/2

[Event "WC-2014-S-00010"]
[Site "LSS email"]
[Date "2014.01.13"]
[Round "?"]
[White "Hnatovsky, Nicholas"]
[Black "Henrichs, Thomas"]
[Result "1/2-1/2"]
[WhiteElo "2359"]
[BlackElo "2564"]
[PlyCount "82"]
[EventDate "2014.01.18"]
[EventType "tourn (corr)"]
[EventRounds "12"]
[EventCountry "GER"]
[SourceTitle "Corr 2022"]
[Source "ChessBase"]
[SourceDate "2021.10.24"]
[SourceVersion "1"]
[SourceVersionDate "2021.10.24"]
[SourceQuality "1"]

1. d4 Nf6 2. c4 g6 3. Bg5 Bg7 4. Nc3 d5 5. Bxf6 Bxf6 6. cxd5 c5 7. Nf3 cxd4 8. Nxd4 Qb6 9. e3 Qxb2 10. Bb5+ Nd7 11. Qc1 Qxc1+ 12. Rxc1 0-0 13. 0-0 Rd8 14. Rfd1 Nb6 15. h3 Kg7 16. Nde2 Be5 17. f4 Bd6 18. Kf2 a6 19. Ba4 Rb8 20. Kf3 e5 21. fxe5 Bxe5 22. Bb3 Bd7 23. Nd4 Be8 24. g4 Rbc8 25. Ke4 Bd6 26. Kf3 Be7 27. Rc2 Rc7 28. Rb1 Kf8 29. Rbc1 h6 30. Rb1 a5 31. a4 Rdc8 32. Rbc1 Bd7 33. Ndb5 Bxb5 34. Nxb5 Rxc2 35. Rxc2 Rxc2 36. Bxc2 Nxd5 37. Ke4 Nb4 38. Bd1 Bc5 39. Na3 Na2 40. Nb5 Nb4 41. Na3 Na2 1/2-1/2

[Event "WC-2014-S-00010"]
[Site "LSS email"]
[Date "2014.01.13"]
[Round "?"]
[White "Hnatovsky, Nicholas"]
[Black "Rosso, Pier Andrea"]
[Result "1/2-1/2"]
[WhiteElo "2359"]
[BlackElo "2390"]
[PlyCount "50"]
[EventDate "2014.01.18"]
[EventType "tourn (corr)"]
[EventRounds "12"]
[EventCountry "GER"]
[SourceTitle "Corr 2022"]
[Source "ChessBase"]
[SourceDate "2021.10.24"]
[SourceVersion "1"]
[SourceVersionDate "2021.10.24"]
[SourceQuality "1"]

1. d4 c5 2. d5 Nf6 3. c4 b5 4. cxb5 a6 5. b6 Qxb6 6. Nc3 d6 7. e4 g6 8. Nf3 Bg7 9. Nd2 Nbd7 10. Be2 0-0 11. 0-0 Qc7 12. Nc4 Nb6 13. Ne3 e6 14. a4 Bb7 15. dxe6 fxe6 16. Qb3 Rae8 17. a5 Nbd7 18. f3 Re7 19. Bc4 Rfe8 20. Rd1 Ne5 21. Qb6 d5 22. exd5 Nxc4 23. Nxc4 Nxd5 24. Nxd5 exd5 25. Nd6 Re1+ 1/2-1/2

[Event "WC-2013-Q-00008"]
[Site "LSS email"]
[Date "2013.10.22"]
[Round "?"]
[White "Hnatovsky, Nicholas"]
[Black "Narkun, Michal"]
[Result "0-1"]
[WhiteElo "2354"]
[BlackElo "2316"]
[PlyCount "90"]
[EventDate "2013.10.27"]
[EventType "tourn (corr)"]
[EventRounds "12"]
[EventCountry "GER"]
[SourceTitle "Corr 2022"]
[Source "ChessBase"]
[SourceDate "2021.10.24"]
[SourceVersion "1"]
[SourceVersionDate "2021.10.24"]
[SourceQuality "1"]

1. d4 f5 2. c4 Nf6 3. g3 g6 4. Bg2 Bg7 5. Nc3 0-0 6. Nh3 d6 7. d5 Nbd7 8. 0-0 Nc5 9. Qc2 e6 10. dxe6 Bxe6 11. b3 c6 12. Rd1 Qe7 13. Bb2 Ng4 14. Nf4 Bf7 15. Rac1 Rad8 16. Nd3 Ne4 17. Bf3 Ngf6 18. Bg2 g5 19. Na4 Bg6 20. e3 Ng4 21. Qe2 Bxb2 22. Naxb2 Nef6 23. c5 d5 24. Re1 Rde8 25. Qd2 Ne4 26. Qe2 Bh5 27. h3 Ngf6 28. Qc2 Bg6 29. Nd1 h5 30. Qb2 Qh7 31. Ne5 h4 32. gxh4 g4 33. f4 gxh3 34. Bxe4 Rxe5 35. fxe5 Nxe4 36. Kh2 Qxh4 37. Rg1 f4 38. Rxg6+ Kh7 39. Nc3 Kxg6 40. Nxe4 dxe4 41. Rg1+ Kf5 42. e6 Qf6 43. Qxf6+ Kxf6 44. exf4 Kxe6 45. Rg3 Kd5 0-1

[Event "WC-2013-Q-00008"]
[Site "LSS email"]
[Date "2013.10.22"]
[Round "?"]
[White "Sidenko, Anatoly"]
[Black "Hnatovsky, Nicholas"]
[Result "1-0"]
[WhiteElo "2451"]
[BlackElo "2354"]
[PlyCount "39"]
[EventDate "2013.10.27"]
[EventType "tourn (corr)"]
[EventRounds "12"]
[EventCountry "GER"]
[SourceTitle "Corr 2022"]
[Source "ChessBase"]
[SourceDate "2021.10.24"]
[SourceVersion "1"]
[SourceVersionDate "2021.10.24"]
[SourceQuality "1"]

1. d4 Nf6 2. c4 e6 3. Nf3 d5 4. Bg5 h6 5. Bxf6 Qxf6 6. e3 c6 7. Qc2 Nd7 8. Nbd2 g6 9. Be2 Bg7 10. 0-0 0-0 11. Rac1 e5 12. dxe5 Nxe5 13. cxd5 cxd5 14. Nd4 Nc6 15. N2b3 Bd7 16. Nxc6 Rfc8 17. Qd2 bxc6 18. Nc5 Bf5 19. b4 Qb2 20. Rfd1 1-0

[Event "WC-2013-Q-00008"]
[Site "LSS email"]
[Date "2013.10.22"]
[Round "?"]
[White "Silva Filho, Alcindo Luz Bastos"]
[Black "Hnatovsky, Nicholas"]
[Result "1/2-1/2"]
[WhiteElo "2165"]
[BlackElo "2354"]
[PlyCount "48"]
[EventDate "2013.10.27"]
[EventType "tourn (corr)"]
[EventRounds "12"]
[EventCountry "GER"]
[SourceTitle "Corr 2022"]
[Source "ChessBase"]
[SourceDate "2021.10.24"]
[SourceVersion "1"]
[SourceVersionDate "2021.10.24"]
[SourceQuality "1"]

1. e4 c5 2. Nf3 d6 3. d4 cxd4 4. Nxd4 Nf6 5. Nc3 a6 6. f3 e5 7. Nb3 Be6 8. Be3 h5 9. Qd2 Nbd7 10. 0-0-0 Be7 11. Kb1 b5 12. Nd5 Bxd5 13. exd5 Nb6 14. Bxb6 Qxb6 15. Na5 Rc8 16. Bd3 Bd8 17. Nc6 Nxd5 18. Nxd8 Rxd8 19. Bxb5+ axb5 20. Qxd5 0-0 21. Rhe1 Rfe8 22. Re4 Re6 23. c3 Rc8 24. Rb4 Rg6 1/2-1/2

[Event "CP-2013-P-00020"]
[Site "LSS email"]
[Date "2013.09.30"]
[Round "?"]
[White "Hnatovsky, Nicholas"]
[Black "Pedro, Fernando"]
[Result "1-0"]
[WhiteElo "2354"]
[BlackElo "2220"]
[PlyCount "35"]
[EventDate "2013.10.01"]
[EventType "tourn (corr)"]
[EventRounds "6"]
[EventCountry "GER"]
[SourceTitle "Corr 2022"]
[Source "ChessBase"]
[SourceDate "2021.10.24"]
[SourceVersion "1"]
[SourceVersionDate "2021.10.24"]
[SourceQuality "1"]

1. d4 Nf6 2. c4 g6 3. Bg5 Ne4 4. Bf4 e5 5. dxe5 Bb4+ 6. Nd2 d6 7. Ngf3 dxe5 8. Nxe5 Nc6 9. Nd3 Bxd2+ 10. Bxd2 Qe7 11. Be3 Bf5 12. g3 0-0-0 13. Bg2 h5 14. Qb3 Nd4 15. Bxd4 Rxd4 16. 0-0 h4 17. Nf4 hxg3 18. hxg3 1-0

[Event "CP-2013-P-00020"]
[Site "LSS email"]
[Date "2013.09.30"]
[Round "?"]
[White "Lonyuk, Bohdan"]
[Black "Hnatovsky, Nicholas"]
[Result "0-1"]
[WhiteElo "1256"]
[BlackElo "2354"]
[PlyCount "62"]
[EventDate "2013.10.01"]
[EventType "tourn (corr)"]
[EventRounds "6"]
[EventCountry "GER"]
[SourceTitle "Corr 2022"]
[Source "ChessBase"]
[SourceDate "2021.10.24"]
[SourceVersion "1"]
[SourceVersionDate "2021.10.24"]
[SourceQuality "1"]

1. e4 c5 2. Nf3 d6 3. Bb5+ Nd7 4. d4 Ngf6 5. Nc3 cxd4 6. Qxd4 e5 7. Qd3 h6 8. Be3 Be7 9. Bc4 a6 10. a4 Qc7 11. 0-0 Nc5 12. Bxc5 Qxc5 13. Nd5 Nxd5 14. Qxd5 Qxd5 15. Bxd5 Rb8 16. Rfd1 Be6 17. c4 0-0 18. b4 Bxd5 19. cxd5 g6 20. Nd2 Rfc8 21. Rac1 Bg5 22. Rxc8+ Rxc8 23. f3 Rc2 24. Nb3 Be3+ 25. Kh1 Rb2 26. Na5 Rxb4 27. h4 Bb6 28. Nxb7 Bc7 29. Nxd6 Bxd6 30. Ra1 a5 31. Kh2 h5 0-1

[Event "CP-2010-S-00003"]
[Site "LSS email"]
[Date "2013.05.01"]
[Round "?"]
[White "Hnatovsky, Nicholas"]
[Black "Szczepanski, Zbigniew"]
[Result "1/2-1/2"]
[WhiteElo "2244"]
[BlackElo "2494"]
[PlyCount "36"]
[EventDate "2013.05.05"]
[EventType "tourn (corr)"]
[EventRounds "7"]
[EventCountry "GER"]
[SourceTitle "Telechess CBM 167"]
[Source "ChessBase"]
[SourceDate "2015.07.13"]
[SourceVersion "1"]
[SourceVersionDate "2015.07.13"]
[SourceQuality "1"]

1. d4 Nf6 2. c4 e6 3. Nf3 d5 4. g3 Be7 5. Bg2 0-0 6. 0-0 dxc4 7. Ne5 Nc6 8. Bxc6 bxc6 9. Nxc6 Qe8 10. Nxe7+ Qxe7 11. Qc2 c5 12. Qxc4 cxd4 13. Qxd4 e5 14. Qh4 h6 15. Nc3 Bb7 16. e4 Rac8 17. Be3 Rfd8 18. Rad1 Rxd1 1/2-1/2

[Event "CP-2010-S-00003"]
[Site "LSS email"]
[Date "2013.05.01"]
[Round "?"]
[White "Percze, Janos"]
[Black "Hnatovsky, Nicholas"]
[Result "1/2-1/2"]
[WhiteElo "2409"]
[BlackElo "2244"]
[PlyCount "37"]
[EventDate "2013.05.05"]
[EventType "tourn (corr)"]
[EventRounds "7"]
[EventCountry "GER"]
[SourceTitle "Telechess CBM 167"]
[Source "ChessBase"]
[SourceDate "2015.07.13"]
[SourceVersion "1"]
[SourceVersionDate "2015.07.13"]
[SourceQuality "1"]

1. e4 e5 2. Nf3 Nf6 3. Nc3 Nc6 4. Bb5 Nd4 5. Bc4 Bc5 6. Nxe5 Qe7 7. Nf3 d5 8. Bxd5 Bg4 9. d3 0-0-0 10. Bg5 Bb4 11. a3 Rxd5 12. Bxf6 Bxc3+ 13. bxc3 Nxf3+ 14. gxf3 Qxf6 15. fxg4 Qxc3+ 16. Kf1 Ra5 17. h4 h5 18. g5 b6 19. Rh3 1/2-1/2

[Event "CP-2010-S-00003"]
[Site "LSS email"]
[Date "2013.05.01"]
[Round "?"]
[White "Van Seben, Edgar"]
[Black "Hnatovsky, Nicholas"]
[Result "1/2-1/2"]
[WhiteElo "2391"]
[BlackElo "2244"]
[PlyCount "47"]
[EventDate "2013.05.05"]
[EventType "tourn (corr)"]
[EventRounds "7"]
[EventCountry "GER"]
[SourceTitle "Telechess CBM 167"]
[Source "ChessBase"]
[SourceDate "2015.07.13"]
[SourceVersion "1"]
[SourceVersionDate "2015.07.13"]
[SourceQuality "1"]

1. d4 d5 2. c4 c6 3. Nf3 Nf6 4. Nc3 e6 5. Bg5 h6 6. Bh4 Nbd7 7. e3 Be7 8. Qc2 0-0 9. Rd1 b6 10. Bd3 Bb7 11. 0-0 Rc8 12. cxd5 Nxd5 13. Bxe7 Qxe7 14. Nxd5 exd5 15. Qa4 Rc7 16. Rc1 c5 17. dxc5 bxc5 18. Qf4 Rfc8 19. Nd4 g6 20. Be2 Ne5 21. Nf3 Nxf3+ 22. Bxf3 d4 23. Bxb7 Rxb7 24. b3 1/2-1/2

[Event "WC-2012-F-00001"]
[Site "LSS email"]
[Date "2012.07.11"]
[Round "?"]
[White "Hnatovsky, Nicholas"]
[Black "Van Seben, Edgar"]
[Result "1/2-1/2"]
[WhiteElo "2281"]
[BlackElo "2383"]
[PlyCount "63"]
[EventDate "2012.07.17"]
[EventType "tourn (corr)"]
[EventRounds "14"]
[EventCountry "GER"]
[SourceTitle "Telechess CBM 163"]
[Source "ChessBase"]
[SourceDate "2014.11.11"]
[SourceVersion "2"]
[SourceVersionDate "2014.11.11"]
[SourceQuality "1"]

1. e4 c5 2. Nf3 e6 3. d4 cxd4 4. Nxd4 Nf6 5. Nc3 d6 6. g4 h6 7. h4 Nc6 8. Rg1 h5 9. gxh5 Nxh5 10. Bg5 Nf6 11. Qd2 Qb6 12. Nb3 a6 13. Be2 Bd7 14. h5 Nxh5 15. Rh1 g6 16. 0-0-0 Qc7 17. Kb1 Be7 18. Bxh5 gxh5 19. Bxe7 Nxe7 20. Qg5 Ng6 21. f4 Bc6 22. f5 Qe7 23. Rxh5 Qxg5 24. Rxg5 exf5 25. Rxf5 Rd8 26. Nd4 Ne5 27. b3 Rh6 28. Rf2 Kd7 29. Nf5 Rf6 30. Rfd2 Kc7 31. Kb2 Nf3 32. Nd5+ 1/2-1/2